LEADER 01231nam a2200277 a 4500 001 000000134266 003 CaOOAMICUS 005 20130607131512.0 008 130607s2005 enk u000 u eng r 020 $z9780199291373* 040 $aPUL$bita 082 04$a346.4 100 1 $aZimmermann, Reinhard.$0(OLS)http://pul/name/50260 245 14$aThe new German law of obligations :$bhistorical and comparative perspectives /$cReinhard Zimmermann. 260 $aOxford ;$aNew York :$bOxford University Press,$c©2005. 300 $axiv, 240 p. ;$c24 cm 504 $aBibliografia in nota. 650 4$aDiritto privato$zGermania.$0(OLS)http://pul/subject/15287 850 $aPUL 852 $aPUL$W1$xSL Diritto e Scienze Sociali 3$y79$m346. 4 ZIMRE 1$j154363$aRist. del 2010$qDDC 21$B153913$CPULBib$Z2$F153913 $H122531 $82 941 1 $a9 996 $6020$z9780199291373*$9(OLS)http://pul/number/152961 996 $6082$a346.4$9(OLS)http://pul/classification/401 996 $6245$aThe new German law of obligations :$bhistorical and comparative perspectives$9(OLS)http://pul/title/169761 996 $6260$aOxford ;$aNew York :$bOxford University Press$9(OLS)http://pul/publisher/74678 LEADER 01349nam a2200289 a 4500 001 000000144230 003 CaOOAMICUS 005 20150622111208.0 008 150622s2004 it u000 u ita r 020 $a88-8243-103-7 040 $aPUL$bita 245 02$aL'amore č il distintivo :$bPina Suriano, la sua cittą e il suo tempo /$ca cura di Massimo Naro. 260 $aSan Cataldo (Caltanissetta) :$bCentro Studi Cammarata ;$aCaltanissetta :$bEdizioni Lussografica,$c2004. 300 $a121 p. ;$c21 cm 490 1 $aSintesi e proposte ;$v33 504 $aBibliografia in nota. 600 14$aSuriano, Pina,$d1915-1950.$0(OLS)http://pul/subject/41869 700 1 $aNaro, Massimo.$0(OLS)http://pul/name/31504 830 0$aSintesi e proposte ;$v33.$0(OLS)http://pul/title/57958 850 $aPUL 852 $aPUL$W1$xDP1 Fondo S. Lanza$y121$m3 D 73$j166294$qFondi$B166877$CPULBib$Z2$F166877 $HLan1514 $82 941 1 $a1 996 $6020$a88-8243-103-7$9(OLS)http://pul/number/157991 996 $6245$aL'amore č il distintivo :$bPina Suriano, la sua cittą e il suo tempo$9(OLS)http://pul/title/182491 996 $6260$aSan Cataldo (Caltanissetta) :$bCentro Studi Cammarata$9(OLS)http://pul/publisher/65091 996 $6260$aCaltanissetta :$bEdizioni Lussografica$9(OLS)http://pul/publisher/81340